Statistics for Days of the Week in French

Click here to take the quiz!

General Stats

  • This quiz has been taken 21 times
  • The average score is 6 of 7

Answer Stats

EnglishFrecnh% Correct
Mondaylundi
100%
Tuesdaymardi
95%
Wednesdaymercredi
95%
Thursdayjeudi
90%
Fridayvendredi
80%
Saturdaysamedi
75%
Sundaydimanche
70%

Score Distribution

Percentile by Number Answered

Percent of People with Each Score

Your Score History

You have not taken this quiz